| 000 | 00554nam 22001693 4500 | ||
|---|---|---|---|
| 001 | 199105 | ||
| 090 | _a199105 | ||
| 100 | _a20251118d u||y0pory50 ba | ||
| 200 |
_aPortugal _eo sistema político e constitucional 1974-87 _fcoordenador Mário Baptista Coelho |
||
| 210 |
_aLisboa _cInstituto de Ciências Sociais, Universidade de Lisboa _dD.L. 1989 |
||
| 215 |
_a1044 p. _cbrochado _d23 cm |
||
| 606 |
_91246 _aPolítica |
||
| 675 |
_a32 _vPT _zpor |
||
| 702 |
_95999 _aCoelho _bMário _f1936- |
||
| 801 |
_aPT _bBMMN _gRPC |
||
| 830 |
_cFernando _fFernando |
||
| 990 | _cLIVROS | ||